zpět

Detail výsledku týmu

Restaurace Tunel, Plzeň

Datum a čas kvízu

40.5 Celkem bodů Celkový počet nahraných bodů na tomto kvízu bez doplňovacích otázek.
1. Pořadí na kvízu Konečné umístění týmu na tomto kvízu.

Zaznamenané odpovědi

# Otázka Odpověď Body Výsledky
1. Oblíbená plzeňská Techmania os... 14. narozeniny 0
2. Minulou neděli zvítězil v prez... Brazílie 1
3. Málokteré osobnosti v naší rep... Marta Kubišová, 1 989 kusů 0.5
4. Minulý týden byla pro sběratel... Věstonická venuše 1
5. Plzeňští fotbalisté sehráli v... Tomáš Chorý 1
6. V tomto tématu se spolu podívá... sýkora 1
7. Na obrázku můžete vidět babku,... a) tkacím stroji 1
8. Za pár babek lze nakoupit neje... Zimbabwe 0
9. V díle Babička od Boženy Němco... pírko, plot 1
10. V poslední otázce tohoto témat... 50 m 1